000 00253 a2200085 4500
100 1 _aSteinbach, D..
_eAutor
245 0 _aIC-Datenbuch, TTL, CMOS, Linear /
_cSteinbach D..
710 2 _aHofacker.
_eWydawca
_4pbl
260 _aMuenchen :
_bHofacker,
_c1978.
300 _a109 s.;
_c24 cm.
999 _c12792
_d12792